Pri Prešporku na Dunaji

Bibliographic Details
Format: Article
Language:Slovak
Subjects:

MARC

LEADER 00000nab a2200000 a 4500
001 vtls000691838
003 SK-MaSNL
005 20260303043651.0
008 160414c xo j 0 slo
015 |a SNBRH1999-01624 
035 |a CLN000044005 
040 |a SNKBUCL  |b slo  |c SNKBUCL  |e AACR2 
041 0 |a slo 
044 |a xo  |c SK 
080 |a 784.4.087.61  |2 1997 
245 0 0 |a Pri Prešporku na Dunaji  |h [hudobniny] 
650 0 7 |a vokálna tvorba  |x piesne ľudové  |x spev  |2 snkbucl  |9 299789 
773 0 |w SK01SNK1999xxxxxxx  |t Zornička  |g Roč. 50(60), č. 6 /1998/, s. 12 
850 |a Slovenská národná knižnica v Martine 
852 |a SNK  |b KIS3GCP 
958 |a TL 
958 |a RBH 
999 |c 1697828  |d 1699758